| 000 | 00536nam a22001937a 4500 | ||
|---|---|---|---|
| 005 | 20250724154000.0 | ||
| 010 | _aENG-146148 | ||
| 020 |
_c350.00 _a9789348892287 |
||
| 035 | _aEN-129680 | ||
| 037 | _bDBAD | ||
| 082 |
_a881 _21 |
||
| 100 |
_aPal, Samiriddha _983323 |
||
| 245 |
_aShades of heart/ _cSamiriddha Pal |
||
| 250 | _a1 | ||
| 260 |
_aKolkata _bExceller Books _c2024 |
||
| 270 |
_aG1 Dream Apartment, Degree College Road _b Belgharia,Kolkata |
||
| 300 |
_a48p. _c22cm(pb) |
||
| 942 |
_2ddc _cEN _mPAL _h881 |
||
| 999 |
_c212597 _d212597 |
||